000 01010pam a2200265 a 4500
001 13895048
005 20220302093433.0
008 050310s2004 nyu 000 0 eng
010 _a 2005272191
020 _a9780312336639
020 _a0312336632
040 _aDLC
050 0 0 _aSPE BP605.R34M432 2004
100 0 _aOsho,
_d1931-1990.
245 1 0 _aMeditation :
_bthe first and last freedom /
_cOsho.
250 _a1st rev. ed.
260 _aNew York :
_bSt. Martin's Griffin,
_c2004.
300 _axiii, 304 p. ;
_c19 cm.
500 _a"Originally published in Germany by the Rebel Publishing House"--T.p. verso.
650 0 _aMeditation.
856 4 2 _3Contributor biographical information
_uhttp://www.loc.gov/catdir/enhancements/fy0626/2005272191-b.html
856 4 2 _3Publisher description
_uhttp://www.loc.gov/catdir/enhancements/fy0626/2005272191-d.html
906 _a7
_bcbc
_corignew
_d3
_encip
_f20
_gy-gencatlg
942 _2lcc
_cBOOK
_hSPE BP605.R34M432 2004
999 _c31313
_d31313